000 01211nam a2200229Ia 4500
003 Ost
005 20260507075329.0
008 260507s9999||||xx |||||||||||||| ||und||
020 _a30842599579
040 _cfsecg
041 _aara
082 _a330
100 _aحجاحجة، علي خلق
_eمؤلف
245 0 _aاتخاذ القرارات الادارية /
_c علي خلق حجاحجة
260 _aعمان:
_bدار قنديل,
_c2010
300 _a361 صفحة؛
_bإيضاحات ؛
_c24 سم
520 _aمفهوم القرارا الاداري و أنواعه ، القرار و المعلومات ، القرار الجماعي و القرار الفردي ، المشاركة في اتخاذ القرارات ، مشاكل و معوقات اتخاذ القرارات في الدول النامية ، تنفيذ القرارات الادارية و نهايتها قرار خصخصة الاتصالات الأردنية و الآثار الناجمة عن هذا القرار ( حالة عملية ).القرارات الادارية
653 _aاتخاذ القرار
653 _aإدارة الأعمال
653 _aالقرارات الإدارية
942 _cكتاب
999 _c43991
_d43991